<?xml version="1.0" encoding="UTF-8"?>
<record
    xmlns:xsi="http://www.w3.org/2001/XMLSchema-instance"
    xsi:schemaLocation="http://www.loc.gov/MARC21/slim http://www.loc.gov/standards/marcxml/schema/MARC21slim.xsd"
    xmlns="http://www.loc.gov/MARC21/slim">

  <leader>03201nam a2200553Ia 4500</leader>
  <controlfield tag="001">833</controlfield>
  <controlfield tag="008">241029s9999    xx            000 0 und d</controlfield>
  <datafield tag="010" ind1=" " ind2=" ">
    <subfield code="a">756</subfield>
  </datafield>
  <datafield tag="041" ind1=" " ind2=" ">
    <subfield code="a">Espa&#xF1;ol</subfield>
  </datafield>
  <datafield tag="082" ind1=" " ind2=" ">
    <subfield code="a">F.L.E MA TECNED 2011 134</subfield>
  </datafield>
  <datafield tag="245" ind1=" " ind2="0">
    <subfield code="a">An&#xE1;lisis de la formaci&#xF3;n y desarrollo de las Escuelas Renovaci&#xF3;n, Las Mercedes y Emma Balaguer y la implementaci&#xF3;n de los medios y recursos aplicables al proceso de ense&#xF1;anza-aprendizaje de los alumnos de octavo grado, Distrito Educativo 15-05, per&#xED;odo 2010-2011.</subfield>
  </datafield>
  <datafield tag="260" ind1=" " ind2=" ">
    <subfield code="a">Santo Domingo</subfield>
  </datafield>
  <datafield tag="300" ind1=" " ind2=" ">
    <subfield code="a">81</subfield>
  </datafield>
  <datafield tag="520" ind1=" " ind2=" ">
    <subfield code="a">20</subfield>
  </datafield>
  <datafield tag="630" ind1=" " ind2=" ">
    <subfield code="a">Alumnado</subfield>
  </datafield>
  <datafield tag="630" ind1=" " ind2=" ">
    <subfield code="a">Aprendizaje</subfield>
  </datafield>
  <datafield tag="630" ind1=" " ind2=" ">
    <subfield code="a">Formaci&#xF3;n</subfield>
  </datafield>
  <datafield tag="650" ind1=" " ind2=" ">
    <subfield code="a">Innovaciones Educativas</subfield>
  </datafield>
  <datafield tag="690" ind1=" " ind2=" ">
    <subfield code="a">Elaborado</subfield>
  </datafield>
  <datafield tag="700" ind1=" " ind2=" ">
    <subfield code="e">asesor</subfield>
    <subfield code="a">Vald&#xE9;z C., Carlos R.</subfield>
  </datafield>
  <datafield tag="700" ind1=" " ind2=" ">
    <subfield code="e">autor</subfield>
    <subfield code="a">Ort&#xED;z Ru&#xED;z, Luc&#xED;a</subfield>
  </datafield>
  <datafield tag="700" ind1=" " ind2=" ">
    <subfield code="e">autor</subfield>
    <subfield code="a">S&#xE1;nchez Reyes, Reyna Mar&#xED;a </subfield>
  </datafield>
  <datafield tag="901" ind1=" " ind2=" ">
    <subfield code="a">{"1":"Ort&#xED;z Ru&#xED;z","2":"S&#xE1;nchez Reyes"}</subfield>
    <subfield code="b">{"1":"Luc&#xED;a","2":"Reyna Mar&#xED;a "}</subfield>
  </datafield>
  <datafield tag="902" ind1=" " ind2=" ">
    <subfield code="a">1</subfield>
  </datafield>
  <datafield tag="903" ind1=" " ind2=" ">
    <subfield code="a">{"1":"Vald&#xE9;z C."}</subfield>
    <subfield code="b">{"1":"Carlos R."}</subfield>
  </datafield>
  <datafield tag="904" ind1=" " ind2=" ">
    <subfield code="a">Maestr&#xED;a en</subfield>
  </datafield>
  <datafield tag="905" ind1=" " ind2=" ">
    <subfield code="a">Tecnolog&#xED;a Educativa</subfield>
  </datafield>
  <datafield tag="906" ind1=" " ind2=" ">
    <subfield code="a">2</subfield>
  </datafield>
  <datafield tag="907" ind1=" " ind2=" ">
    <subfield code="a">NO APLICA</subfield>
  </datafield>
  <datafield tag="908" ind1=" " ind2=" ">
    <subfield code="a">NO APLICA</subfield>
  </datafield>
  <datafield tag="909" ind1=" " ind2=" ">
    <subfield code="a">Universidad Aut&#xF3;noma de Santo Domingo (UASD)</subfield>
  </datafield>
  <datafield tag="910" ind1=" " ind2=" ">
    <subfield code="a">NULL</subfield>
    <subfield code="b">NULL</subfield>
  </datafield>
  <datafield tag="911" ind1=" " ind2=" ">
    <subfield code="a">["1"]</subfield>
  </datafield>
  <datafield tag="912" ind1=" " ind2=" ">
    <subfield code="a">NO APLICA</subfield>
  </datafield>
  <datafield tag="913" ind1=" " ind2=" ">
    <subfield code="a">NULL</subfield>
  </datafield>
  <datafield tag="914" ind1=" " ind2=" ">
    <subfield code="a">03 de Enero de 2011</subfield>
  </datafield>
  <datafield tag="915" ind1=" " ind2=" ">
    <subfield code="a">03/11/19 06:11</subfield>
  </datafield>
  <datafield tag="916" ind1=" " ind2=" ">
    <subfield code="a">NULL</subfield>
  </datafield>
  <datafield tag="917" ind1=" " ind2=" ">
    <subfield code="a">NULL</subfield>
  </datafield>
  <datafield tag="918" ind1=" " ind2=" ">
    <subfield code="a">NO APLICA</subfield>
  </datafield>
  <datafield tag="919" ind1=" " ind2=" ">
    <subfield code="a">["244","18","200"]</subfield>
  </datafield>
  <datafield tag="520" ind1=" " ind2=" ">
    <subfield code="a">El estudio se plate&#xF3; como objetivo principal analizar las causas que dieron origen a la formaci&#xF3;n y desarrollo de las escuelas: Renovaci&#xF3;n, Las Mercedes y Ema Balaguer, y la implementaci&#xF3;n de los medios y recursos aplicables al proceso ense&#xF1;anza-aprendizaje de los(as) alumnos(as) del octavo grado. La metodolog&#xED;a utilizada fue de corte exploratoria. Tambi&#xE9;n fue de campo, descriptiva y explicativa. Se fundament&#xF3; en los m&#xE9;todos: inductivos, sint&#xE9;tico, y anal&#xED;tico. Se emplearon las t&#xE9;cnicas de: la observaci&#xF3;n, entrevista, cuestionario y sondeo. La poblaci&#xF3;n estuvo compuesta por doscientos setenta y nueve (279) estudiantes. Como muestra se tom&#xF3; cuatro (4) gestores, nueve (9) docentes y trece (13) estudiantes.&#xA0;El estudio concluye que la poblaci&#xF3;n estudiantil ha mantenido un notable crecimiento a&#xF1;os tras a&#xF1;os, lo cual expresa la respuesta que han venido dando los centros a sus respectivas comunidades. La estructura de la planta f&#xED;sica de los centros ha mejorado, por lo que cumplen con las condiciones requeridas para desarrollar plenamente la labor docente. Un ejemplo de esto es que el Ministerio de Educaci&#xF3;n, en aras de seguir ampliando la cobertura para los niveles iniciales y seguir mejorando la calidad de la planta f&#xED;sica, en la Escuela Mercedes se est&#xE1; dando toques finales a la construcci&#xF3;n de un espacio destinado para albergar a los ni&#xF1;os/as del nivel inicial.&#xA0;El estudio recomienda que los docentes se empoderen de los medios y recursos educativos para propiciar que el proceso de ense&#xF1;anza-aprendizaje sea significativo y de calidad.&#xA0;</subfield>
  </datafield>
  <datafield tag="921" ind1=" " ind2=" ">
    <subfield code="a">2</subfield>
  </datafield>
  <datafield tag="922" ind1=" " ind2=" ">
    <subfield code="a">2</subfield>
  </datafield>
  <datafield tag="923" ind1=" " ind2=" ">
    <subfield code="a">0</subfield>
  </datafield>
  <datafield tag="924" ind1=" " ind2=" ">
    <subfield code="a">NO APLICA</subfield>
  </datafield>
  <datafield tag="942" ind1=" " ind2=" ">
    <subfield code="c">Tesis</subfield>
  </datafield>
  <datafield tag="999" ind1=" " ind2=" ">
    <subfield code="c">756</subfield>
    <subfield code="d">756</subfield>
  </datafield>
</record>
